000
00261nam a22000977a 4500
999
_c
11708
_d
11708
008
200110b ||||| |||| 00| 0 eng d
020
_a
7807300399
100
_a
Clifford
_9
7403
245
_a
Help I'm a Prisoner in the Library
260
_a
New York
_b
Scholastic
_c
1979